000 02273nam a22001577a 4500
041 _aukr
080 _a09
090 _bГОС
100 _aГосподаренко А.Р.
245 _aКатегорії ввічливості на прикладі англійських художніх творів.
260 _aОстрог
_bКАФ
_c2012
300 _a56
520 _aРозділ 1. Поняття категорії ввічливості та її основні характеристики. 1.1 Поняття лінгвістичної ввічливості. 1.2 Комунікативна категорія ввічливості. 1.3 Категорія ввічливості в теорії і практиці міжособистістної комунікації. 1.4 Основні характеристики категорії ввічливості. Розділ 2. Способи вираження ввічливості в сучасній англійській мові. 2.1 Граматичні та лексико-семантичні засоби вираження ввічливості. 2.1.1 Способи помякшення категоричності. 2.1.2 Використання імперативних конструкцій речень. 2.2 Способи вираження ввічливості в загаліних мовних ситуаціях. 2.2.1 Вираження ввічливості при звертанні. 2.2.2 Вираження ввічливості при проханні 2.2.3 Вираження ввічливості при відмові. 2.2.4 Вираження ввічливості при подяці. 2.3 Стратегій і тактики передачі ввічливості в художній та науковій прозі. 2.3.1 Вираження позитивної ввічливості. 2.3.1.1. Вияв згоди зі співрозмовником. 2.3.1.2 Привертання уваги адресата. 2.3.2.1 Зменшення впливу на співрозмовника. 2.3.2.2 Приховування негативної думки.
_0художній,твори, ввічливість
650 _aResearch Papers
999 _c284951
_d284951
942 _cBK